ALLDAY PROJECT - Toutes les chansons - Statistiques

Statistiques générales
  • Ce quiz a été pris 82 fois
    15 depuis la dernière actualisation
  • Le résultat moyen est 6 sur 9
Statistiques - réponses
Hint Réponse % Correct
Singles 2025 Famous
100%
Singles 2025 Wicked
100%
ALLDAY PROJECT 2 Look At Me
70%
ALLDAY PROJECT 1 One More Time
70%
ALLDAY PROJECT 5 Hot
60%
ALLDAY PROJECT 4 Where You At
60%
ALLDAY PROJECT 6 Medusa
50%
Singles 2026 I DON'T BARGAIN pour PUBG
40%
ALLDAY PROJECT 3 You and I
30%
Aucun quiz correspondant
Distribution des résultats
% des personnes avec chaque résultat
Percentile par nombre de réponses
Votre historique - résultats
Vous n’avez pas pris ce quiz depuis la dernière actualisation